James Bond - Sélection de tuiles - Statistiques

Statistiques générales
  • Ce quiz a été pris 158 fois
  • Le résultat moyen est 38 sur 45
Statistiques - réponses
Question Tuile Select % Correct
les films avec Sean Connery Spectre Non
96%
les acteurs interprète de James Bond Albert R. Broccoli Non
95%
les acteurs interprète de James Bond Ralph Fiennes Non
95%
les acteurs interprète de James Bond Sean Connery Oui
95%
les acteurs interprète de James Bond Christian Bale Non
94%
les acteurs interprète de James Bond Daniel Craig Oui
94%
les acteurs interprète de James Bond Hugh Grant Non
93%
les acteurs interprète de James Bond Roger Moore Oui
93%
les interprètes d’un générique de James Bond Adele Oui
92%
les films sortis depuis 1990 James Bond 007 contre Dr No Non
92%
les acteurs interprète de James Bond Pierce Brosnan Oui
92%
les films sortis depuis 1990 Skyfall Oui
92%
les films sortis depuis 1990 Spectre Oui
92%
les films avec Sean Connery Tuer n'est pas jouer Non
91%
les interprètes d’un générique de James Bond Elvis Presley Non
90%
les pays visités par James Bond Italie Oui
90%
les films sortis depuis 1990 Moonraker Non
90%
les films avec Sean Connery Bons Baisers de Russie Oui
89%
les films sortis depuis 1990 Casino Royale Oui
89%
les interprètes d’un générique de James Bond Dua Lipa Non
89%
les films avec Sean Connery GoldenEye Non
89%
les films avec Sean Connery Moonraker Non
89%
les pays visités par James Bond Algérie Non
85%
les acteurs interprète de James Bond George Lazenby Oui
85%
les films sortis depuis 1990 On ne vit que deux fois Non
84%
les films avec Sean Connery Opération Tonnerre Oui
84%
les films avec Sean Connery Les diamants sont éternels Oui
83%
les films sortis depuis 1990 Demain ne meurt jamais Oui
81%
les films avec Sean Connery Goldfinger Oui
81%
les films sortis depuis 1990 Meurs un autre jour Oui
81%
les films avec Sean Connery Au service secret de Sa Majesté Non
80%
les pays visités par James Bond Australie Non
80%
les interprètes d’un générique de James Bond Billie Eilish Oui
80%
les pays visités par James Bond Turquie Oui
78%
les films sortis depuis 1990 Permis de tuer Non
77%
les pays visités par James Bond Chine Oui
76%
les interprètes d’un générique de James Bond The Beatles Non
76%
les pays visités par James Bond Suède Non
75%
les pays visités par James Bond Brésil Oui
73%
les pays visités par James Bond Inde Oui
71%
les interprètes d’un générique de James Bond Tina Turner Oui
71%
les interprètes d’un générique de James Bond Madonna Oui
69%
les pays visités par James Bond Islande Oui
65%
les interprètes d’un générique de James Bond Sam Smith Oui
63%
les interprètes d’un générique de James Bond a-ha Oui
49%
Aucun quiz correspondant
Distribution des résultats
% des personnes avec chaque résultat
Percentile par nombre de réponses
Votre historique - résultats
Vous n’avez pas pris ce quiz